00699nam a2200169 a 450000100100000000500170001000800410002704000250006808200140009310000300010724500500013726001050018730000290029204900090032195201820033099900170051200003096420200930062622.0110608s1941 dr c 000 p spa d aDO-SdBNPbspacBNPHU axxxbJ82h1 aJorge Rivas, R. A.95747510aHorizontes :bpoesías /cR. A. Jorge Rivas. aSantiago de los caballeros, República Dominicana :bTaller Tipográfico de Muchas Gracias,c1941. a58 p. :bretr. ;c21 cm. aBNPD 001050718RVaPDbPDcCTd2011-06-08iLF1l0oxxx J82hp30964-10r2020-06-25w2020-06-25y1zPerteneció a la biblioteca personal de Carlos Larrazábal Blanco.ZNo se presta c30456d30456